[Event "Regionalliga NW 0809"]
[Site "Bayern"]
[Date "2009.03.29"]
[Round "9.8"]
[White "Michel, Peter"]
[Black "Helgert, Johannes"]
[Result "1/2-1/2"]
[WhiteElo "1758"]
[BlackElo "1688"]
[PlyCount "38"]
[EventDate "2008.10.05"]
[EventType "team-tourn"]
[EventRounds "9"]
[EventCountry "GER"]
[SourceTitle "EXT 2020"]
[Source "ChessBase"]
[SourceDate "2019.10.17"]
[SourceVersion "1"]
[SourceVersionDate "2019.10.17"]
[SourceQuality "1"]
[WhiteTeam "Bindlach II"]
[BlackTeam "Wuerzburg II"]
[WhiteTeamCountry "GER"]
[BlackTeamCountry "GER"]

1. e4 e6 2. d4 d5 3. Nd2 Nf6 4. e5 Nfd7 5. Ngf3 c5 6. c3 Nc6 7. Be2 cxd4 8. cxd4 f6 9. exf6 Nxf6 10. 0-0 Bd6 11. Re1 0-0 12. Nf1 e5 13. dxe5 Nxe5 14. Bg5 Be6 15. Rc1 Nc6 16. Ng3 Qd7 17. Bb5 Rac8 18. Ne5 Bxe5 19. Rxe5 Ng4 1/2-1/2

[Event "Regionalliga NW 9596"]
[Site "Bayern"]
[Date "1996.??.??"]
[Round "?"]
[White "Hofstetter, Hans Joachim"]
[Black "Michel, Peter"]
[Result "1-0"]
[WhiteElo "2050"]
[BlackElo "1850"]
[PlyCount "101"]
[EventDate "1995.10.??"]
[EventType "team-tourn"]
[EventRounds "9"]
[EventCountry "GER"]
[SourceTitle "EXT 1999"]
[Source "ChessBase"]
[SourceDate "1998.11.16"]
[SourceVersion "1"]
[SourceVersionDate "1998.11.16"]
[SourceQuality "1"]
[WhiteTeam "Bad Neustadt"]
[BlackTeam "GrBayr"]
[WhiteTeamCountry "GER"]
[BlackTeamCountry "GER"]

1. a3 Nf6 2. Nf3 d5 3. g3 g6 4. Bg2 Bg7 5. 0-0 0-0 6. d3 c6 7. Nbd2 Nbd7 8. e4 e5 9. Re1 Re8 10. b3 Qc7 11. a4 b6 12. Bb2 Bb7 13. Qe2 Nh5 14. Nf1 Rac8 15. Bh3 Rcd8 16. Nh4 Ndf6 17. Rad1 Bc8 18. Bg2 Ng4 19. Bc1 Qe7 20. Bf3 Nhf6 21. h3 Nh6 22. Kg2 Qd7 23. g4 Nh5 24. Kg1 Nf4 25. Bxf4 exf4 26. Qd2 g5 27. Nf5 Nxf5 28. gxf5 Qd6 29. Re2 Qc5 30. d4 Qd6 31. e5 Qh6 32. Bg4 c5 33. Nh2 Qc6 34. Nf3 h6 35. Qd3 f6 36. e6 Re7 37. Red2 a6 38. c4 Bb7 39. cxd5 Rxd5 40. Qe4 Qe8 41. Nh2 Rxd4 42. Qe2 Qd8 43. Rxd4 cxd4 44. Qc4 Qd5 45. Bf3 Qxc4 46. bxc4 Bxf3 47. Nxf3 Bf8 48. Rxd4 Rc7 49. Rd8 h5 50. Nxg5 fxg5 51. f6 1-0

[Event "Regionalliga NW 9596"]
[Site "Bayern"]
[Date "1995.??.??"]
[Round "?"]
[White "Michel, Peter"]
[Black "Schindler, Viktor"]
[Result "0-1"]
[WhiteElo "1850"]
[BlackElo "2030"]
[PlyCount "48"]
[EventDate "1995.10.??"]
[EventType "team-tourn"]
[EventRounds "9"]
[EventCountry "GER"]
[SourceTitle "EXT 1999"]
[Source "ChessBase"]
[SourceDate "1998.11.16"]
[SourceVersion "1"]
[SourceVersionDate "1998.11.16"]
[SourceQuality "1"]
[WhiteTeam "GrBayr"]
[BlackTeam "Hof SK II"]
[WhiteTeamCountry "GER"]
[BlackTeamCountry "GER"]

1. d4 Nf6 2. Nf3 c5 3. Nc3 cxd4 4. Nxd4 a6 5. e4 Qc7 6. Bd3 e6 7. 0-0 Nc6 8. Be3 h5 9. Nf3 Ng4 10. Qe2 Bd6 11. h3 Nxe3 12. Qxe3 Bf4 13. Qe2 Ne5 14. Rae1 d6 15. Nd5 exd5 16. exd5 0-0 17. Nxe5 Bxe5 18. Qxh5 g6 19. Qh6 Bg7 20. Qg5 Qd8 21. Re7 Re8 22. Rfe1 Rxe7 23. Rxe7 Bf8 24. Bxg6 Qxe7 0-1

[Event "Regionalliga NW 9495"]
[Site "Bayern"]
[Date "1994.??.??"]
[Round "?.6"]
[White "Dittmann, Rainer"]
[Black "Michel, Peter"]
[Result "1/2-1/2"]
[WhiteElo "2040"]
[BlackElo "1850"]
[PlyCount "124"]
[EventDate "1994.10.??"]
[EventType "team-tourn"]
[EventRounds "9"]
[EventCountry "GER"]
[SourceTitle "EXT 1999"]
[Source "ChessBase"]
[SourceDate "1998.11.16"]
[SourceVersion "1"]
[SourceVersionDate "1998.11.16"]
[SourceQuality "1"]
[WhiteTeam "Schweinfurt Fr"]
[BlackTeam "GrBayr"]
[WhiteTeamCountry "GER"]
[BlackTeamCountry "GER"]

1. d4 Nf6 2. Nf3 d5 3. Bf4 Bf5 4. e3 e6 5. Nbd2 c5 6. c3 Nc6 7. h3 h6 8. Qb3 Qb6 9. Qxb6 axb6 10. Bb5 Rc8 11. Ne5 Be7 12. 0-0 0-0 13. Nxc6 bxc6 14. Ba6 Ra8 15. Be2 cxd4 16. exd4 Ra7 17. Nf3 Nd7 18. Rfe1 Rfa8 19. a3 Bd8 20. Bf1 Bc7 21. Bxc7 Rxc7 22. Rad1 Nf6 23. Ne5 Nd7 24. g4 Nxe5 25. Rxe5 Be4 26. Bg2 Bxg2 27. Kxg2 c5 28. f4 Ra4 29. Re2 cxd4 30. Rxd4 Rxd4 31. cxd4 Rc4 32. Rd2 g5 33. Kf3 Kf8 34. Ke3 Ke7 35. h4 f6 36. fxg5 fxg5 37. hxg5 hxg5 38. Rh2 e5 39. Rh7+ Kd6 40. Rh6+ Kc7 41. Re6 Rxd4 42. Rxe5 Rxg4 43. Rxd5 Rg2 44. b4 Kc6 45. Rf5 Rg3+ 46. Kd4 Rxa3 47. Rxg5 Rb3 48. Kc4 Rb2 49. Rg6+ Kc7 50. Kb5 Rb1 51. Rc6+ Kb7 52. Rxb6+ Ka7 53. Rh6 Rb2 54. Rh7+ Kb8 55. Kc5 Rg2 56. b5 Rg5+ 57. Kb6 Rg6+ 58. Ka5 Rg2 59. Ka6 Rg8 60. b6 Rf8 61. Rb7+ Ka8 62. Rh7 Kb8 1/2-1/2

[Event "Regionalliga NW 9495"]
[Site "Bayern"]
[Date "1994.??.??"]
[Round "?.6"]
[White "Gajdecki, Richard"]
[Black "Michel, Peter"]
[Result "1-0"]
[WhiteElo "2005"]
[BlackElo "1850"]
[PlyCount "79"]
[EventDate "1994.10.??"]
[EventType "team-tourn"]
[EventRounds "9"]
[EventCountry "GER"]
[SourceTitle "EXT 1999"]
[Source "ChessBase"]
[SourceDate "1998.11.16"]
[SourceVersion "1"]
[SourceVersionDate "1998.11.16"]
[SourceQuality "1"]
[WhiteTeam "Grossw"]
[BlackTeam "GrBayr"]
[WhiteTeamCountry "GER"]
[BlackTeamCountry "GER"]

1. Nf3 Nf6 2. d4 d6 3. c4 g6 4. Nc3 Bg7 5. g3 0-0 6. Bg2 Nbd7 7. 0-0 c6 8. Bg5 Qc7 9. Qd2 e5 10. Bh6 Re8 11. Bxg7 Kxg7 12. Rac1 Nb6 13. b3 Bg4 14. dxe5 dxe5 15. Qe3 Rad8 16. Rfd1 Nbd7 17. Qxa7 Nb6 18. Qa3 e4 19. Ng5 e3 20. f3 Qe5 21. Nge4 Bf5 22. f4 Qe6 23. Qb2 Kg8 24. Ng5 Qe7 25. h3 h6 26. Nf3 Qc7 27. Rxd8 Rxd8 28. Rd1 Nbd7 29. Nd4 Qa5 30. b4 Qc7 31. Nxf5 gxf5 32. Qc2 Nf8 33. Qxf5 Rxd1+ 34. Nxd1 Qd6 35. Nxe3 Ng6 36. a3 Qd2 37. Qd3 Qe1+ 38. Kh2 Nh5 39. Nf5 Qf2 40. Qf3 1-0